Vi sinh tổng hợp /

Guardado en:
Detalles Bibliográficos
Autor principal: Lương Đức Phẩm.
Otros Autores: Hồ Sướng.
Formato: Sách giấy
Lenguaje:Vietnamese
Publicado: Hà Nội : Khoa học và Kỹ thuật, 1978.
Etiquetas: Agregar Etiqueta
Sin Etiquetas, Sea el primero en etiquetar este registro!
Thư viện lưu trữ: Thư viện Trường Đại học Đà Lạt
LEADER 00636nam a2200265 4500
001 DLU020001819
005 ##19991003
040 # # |a DLU  |b vie 
041 # # |a vie 
044 # # |a vn 
082 # # |a 579  |b LU-P 
100 # # |a Lương Đức Phẩm. 
245 # # |a Vi sinh tổng hợp /  |c Lương Đức Phẩm, Hồ Sướng. 
260 # # |a Hà Nội :  |b Khoa học và Kỹ thuật,  |c 1978. 
300 # # |a 472 tr. ;  |c 21 cm. 
700 # # |a Hồ Sướng. 
992 # # |a 1859 
994 # # |a DLU 
900 # # |a False 
911 # # |a Administrator 
925 # # |a G 
926 # # |a A 
927 # # |a SH 
980 # # |a Thư viện Trường Đại học Đà Lạt